Statistics for UEFA Champions League - Winners and finalists since 1990

Click here to take the quiz!

General Stats

  • This quiz has been taken 132 times
    (50 since last reset)
  • The average score is 20 of 22

Answer Stats

Answer % Correct
Real Madrid
100%
Borussia Dortmund
100%
FC Porto
100%
Liverpool FC
100%
Manchester United
100%
AC Milan
100%
Bayern Munich
100%
FC Barcelona
100%
Juventus
100%
Chelsea FC
98%
Arsenal
98%
Tottenham
98%
Ajax Amsterdam
98%
Atl├ętico Madrid
95%
Inter Milan
95%
Valencia
86%
Olympique de Marseille
86%
Bayer Leverkusen
84%
AS Monaco
81%
Red Star Belgrade
74%
Benfica
56%
Sampdoria
33%

Score Distribution

Percentile by Number Answered

Percent of People with Each Score

Your Score History

You have not taken this quiz since the last reset